| Tag |
First Indicator |
Second Indicator |
Subfields |
| LEADER |
00000cam a2200000 a 4500 |
| 001 |
in00002783782 |
| 006 |
m o d |
| 007 |
cr cn||||||||| |
| 008 |
120723s2012 enka ob 001 0 eng d |
| 005 |
20250816210515.6 |
| 010 |
|
|
|z 2012029567
|
| 020 |
|
|
|z 9781409430803 (hardcover alk. paper)
|
| 020 |
|
|
|z 9781409430810 (e-book)
|
| 035 |
|
|
|a (CaPaEBR)ebr10590604
|
| 035 |
|
|
|a (OCoLC)809044617
|
| 040 |
|
|
|a CaPaEBR
|c CaPaEBR
|d UtOrBLW
|
| 050 |
1 |
4 |
|a MT1
|b .P285 2012eb
|
| 082 |
0 |
4 |
|a 780.71
|2 23
|
| 245 |
0 |
0 |
|a Patriotism and nationalism in music education /
|c edited by David G. Hebert, Alexandra Kertz-Welzel.
|
| 264 |
|
1 |
|a Farnham, Surrey ;
|a Burlington, Vt. :
|b Ashgate,
|c [2012]
|
| 264 |
|
4 |
|c ©2012
|
| 300 |
|
|
|a 1 online resource (xviii, 183 pages) :
|b illustrations
|
| 336 |
|
|
|a text
|b txt
|2 rdacontent
|
| 337 |
|
|
|a computer
|b c
|2 rdamedia
|
| 338 |
|
|
|a online resource
|b cr
|2 rdacarrier
|
| 504 |
|
|
|a Includes bibliographical references and index.
|
| 505 |
0 |
|
|a Patriotism and music education / David G. Hebert -- Lesson learned / Alexandra Kertz-Welzel -- Nationalism and school music in Australia / Jane Southcott -- National identity in the Taiwanese system of music education / Wai-Chung Ho -- A national anthem / Carlos R. Abril -- Nationalism and patriotism / Ambigay Raidoo Yudkoff -- Soundscapes of a nation(alism) / Eugene Dairianathan and Chee Hoo Lum -- Conflicting perspectives on patriotism within music education in the United States during wartime / Amy C. Beegle -- We stand on guard for thee / Kari K. Veblen -- Nationalism and music education / Marja Heimonen and David G. Hebert -- Conclusions and recommendations / David G. Hebert and Alexandra Kertz-Welzel.
|
| 500 |
|
|
|a Electronic resource.
|
| 650 |
|
0 |
|a Music
|x Instruction and study
|x Political aspects.
|
| 650 |
|
0 |
|a Nationalism in music.
|
| 655 |
|
7 |
|a Electronic books.
|2 local
|
| 700 |
1 |
|
|a Hebert, David G.
|
| 700 |
1 |
|
|a Kertz-Welzel, Alexandra.
|
| 710 |
2 |
|
|a ebrary, Inc.
|
| 856 |
4 |
0 |
|u https://ebookcentral.proquest.com/lib/tamucs/detail.action?docID=1002983
|y Connect to the full text of this electronic book
|t 0
|
| 980 |
|
|
|a 121120
|b 99.95
|c USD
|e 149.93
|f YBP_EBR0000047227
|g 1
|
| 999 |
f |
f |
|s a8bd1784-ae35-3235-af1c-a025c4e0ae27
|i ff3da576-9485-3d1a-9098-1a1e758889cb
|t 0
|
| 999 |
|
|
|a MARS
|
| 952 |
f |
f |
|a Texas A&M University
|b College Station
|c Electronic Resources
|d Available Online
|t 0
|e MT1 .P285 2012eb
|h Library of Congress classification
|
| 998 |
f |
f |
|a MT1 .P285 2012eb
|t 0
|l Available Online
|